000 00513nam a22001817a 4500
999 _c7461
_d7461
003 Ost
005 20190915131336.0
008 190915b ||||| |||| 00| 0 eng d
020 _a9780143420866
040 _cBT-PhCST
050 _a23259
082 _222
_a155.25
_bIYE
100 _aIyer, Prakash.
245 _aThe habit of winning :
_bstories to inspire, motivate, and unleash the winner within /
260 _aNew Delhi :
_bPortfolio Penguin,
_cc2013.
300 _a248 p. :
_bill. ;
_c20 cm.
942 _2ddc
_cF